Нефтяные продукты. Растворители. Продукты пиролиза. Прочие нефтепродукты: технические условия; сборник; ГОСТ 26377-84 Растворители нефтяные. Обозначение; ГОСТ 10214-78 Сольвент нефтяной. Технические условия; ГОСТ 8505-80 Нефрас-С 50/170. Технические условия; ГОСТ 3134-78 Уайт-спирит. Технические условия; ГОСТ 9572-93 Бензол нефтяной. Технические условия; ГОСТ 9410-78 Ксилол нефтяной. Технические условия; ГОСТ 21046-86 Нефтепродукты отработанные. Общие технические условия; ГОСТ 11010-84 Жир синтетический для кожевенной промышленности. Технические условия; ГОСТ 6948-81 Пенообразователь ПО-1. Технические условия; ГОСТ 6997-77 Составы для заливки кабельных муфт. Технические условия; ГОСТ 22898-78 Коксы нефтяные малосернистые. Технические условия; ГОСТ13302-77 Кислоты нефтяные. Технические условия

Bibliografische gegevens
Taal:Russisch
Gepubliceerd in: Москва, Изд-во стандартов, 2004
Editie:официальное изд.
TOC:ГОСТ 26377-84 Растворители нефтяные. Обозначение;
ГОСТ 10214-78 Сольвент нефтяной. Технические условия;
ГОСТ 8505-80 Нефрас-С 50/170. Технические условия;
ГОСТ 3134-78 Уайт-спирит. Технические условия;
ГОСТ 9572-93 Бензол нефтяной. Технические условия;
ГОСТ 9410-78 Ксилол нефтяной. Технические условия;
ГОСТ 21046-86 Нефтепродукты отработанные. Общие технические условия;
ГОСТ 11010-84 Жир синтетический для кожевенной промышленности. Технические условия;
ГОСТ 6948-81 Пенообразователь ПО-1. Технические условия;
ГОСТ 6997-77 Составы для заливки кабельных муфт. Технические условия;
ГОСТ 22898-78 Коксы нефтяные малосернистые. Технические условия;
ГОСТ13302-77 Кислоты нефтяные. Технические условия;
Reeks:Национальные стандарты
Onderwerpen:
Formaat: Boek
KOHA link:https://koha.lib.tpu.ru/cgi-bin/koha/opac-detail.pl?biblionumber=133567

MARC

LEADER 00000nam0a2200000 4500
001 133567
005 20231031135356.0
035 |a (RuTPU)RU\TPU\book\144764 
090 |a 133567 
100 |a 20080319d2004 k y0rusy50 ca 
101 0 |a rus 
102 |a RU 
105 |a a l 000zy 
200 1 |a Нефтяные продукты. Растворители. Продукты пиролиза. Прочие нефтепродукты  |e технические условия  |e сборник 
205 |a официальное изд. 
210 |a Москва  |c Изд-во стандартов  |d 2004 
215 |a 80 с.  |c ил. 
225 1 |a Национальные стандарты 
464 |t ГОСТ 26377-84 Растворители нефтяные. Обозначение 
464 |t ГОСТ 10214-78 Сольвент нефтяной. Технические условия 
464 |t ГОСТ 8505-80 Нефрас-С 50/170. Технические условия 
464 |t ГОСТ 3134-78 Уайт-спирит. Технические условия 
464 |t ГОСТ 9572-93 Бензол нефтяной. Технические условия 
464 |t ГОСТ 9410-78 Ксилол нефтяной. Технические условия 
464 |t ГОСТ 21046-86 Нефтепродукты отработанные. Общие технические условия 
464 |t ГОСТ 11010-84 Жир синтетический для кожевенной промышленности. Технические условия 
464 |t ГОСТ 6948-81 Пенообразователь ПО-1. Технические условия 
464 |t ГОСТ 6997-77 Составы для заливки кабельных муфт. Технические условия 
464 |t ГОСТ 22898-78 Коксы нефтяные малосернистые. Технические условия 
464 |t ГОСТ13302-77 Кислоты нефтяные. Технические условия 
610 1 |a нефтепродукты 
610 1 |a растворители 
610 1 |a пиролиз 
610 1 |a нефтяные кислоты 
610 1 |a пенообразователи 
610 1 |a технические условия 
610 1 |a стандарты 
675 |a 665.71(083.74)  |v 3 
801 1 |a RU  |b 63413507  |c 20080319  |g PSBO 
801 2 |a RU  |b 63413507  |c 20221207  |g PSBO 
942 |c BK